Normal view
MARC view
- DIP.DIGITAL IMAGE PROCESSING USING MATLAB
Entry Topical Term
001 - CONTROL NUMBER
- control field: 81375
003 - CONTROL NUMBER IDENTIFIER
- control field: NUST
005 - DATE AND TIME OF LATEST TRANSACTION
- control field: 20210810114329.0
008 - FIXED-LENGTH DATA ELEMENTS
- fixed length control field: 210810|| aca||aabn | a|a d
040 ## - CATALOGING SOURCE
- Original cataloging agency: NUST
- Transcribing agency: NUST
150 ## - HEADING--TOPICAL TERM
- Topical term or geographic name entry element: DIP.DIGITAL IMAGE PROCESSING USING MATLAB
670 ## - SOURCE DATA FOUND
- Source citation: Work cat.: (NUST)33126: GONZALEZ, RAFAEL.C 672, DIGITAL IMAGE PROCESSING USING MATLAB/, 2012
